Sustainability in SMEs and Missing Economic Focus

Príspevok sa zaoberá témou udržateľnosti v malých a stredných podnikoch (MSP) a požiadavkami a rámcovými podmienkami politiky. Základné atribúty udržateľnosti v MSP. Pracovné oblasti trvalo udržateľného rozvoja. Nefinančné výkazníctvo - regulačné prostredie EÚ.

Salvato in:
Dettagli Bibliografici
Autore principale: Schödel, Christian, 1963-
Natura: Capitolo di libro
Lingua:tedesco
Soggetti:
Tags: Aggiungi Tag
Nessun Tag, puoi essere il primo ad aggiungerne!!

MARC

LEADER 00000naa$a2200000$$$4500
001 0295371
005 20240502074505.7
041 0 |a ger 
044 |a SK 
245 1 0 |a Sustainability in SMEs and Missing Economic Focus  |c Christian Schödel 
520 |a Príspevok sa zaoberá témou udržateľnosti v malých a stredných podnikoch (MSP) a požiadavkami a rámcovými podmienkami politiky. Základné atribúty udržateľnosti v MSP. Pracovné oblasti trvalo udržateľného rozvoja. Nefinančné výkazníctvo - regulačné prostredie EÚ. 
610 2 0 |a podnik malý 
610 2 0 |a podnik stredný 
610 2 0 |a udržateľnosť 
610 2 0 |a politika podnikania 
610 2 0 |a strata daňová 
610 2 0 |a know-how 
610 2 0 |a regulácia 
610 2 0 |a Európska únia 
100 1 |a Schödel, Christian, 1963-